000 00439nam a2200169Ia 4500
008 210210b1990 xxu||||| |||| 00| 0 eng d
041 _aeng
082 _a541.9 YADA
100 _aYADAV (J B).
245 _aAdvanced practical physical chemistry. Ed9.
250 _a
260 _aMeerut
_bGoel Publishing house
_c1990
300 _axvi,434
650 _aPractical physical chemistry
690 _aPhysical Chemistry
906 _a043177
999 _c92827
_d92827